=LDR 00000nam 2200000 4500 =001 INLIS000000000014369 =005 20130612105640 =008 ***********************************Ind** =035 ##$$0010-061300000014369 =041 ##$$a Ind =082 ##$$a 813 =090 ##$$a 813, Tay d =100 ##$$a Taymour, Mahmoud =245 ##$$a Dua perempuan, Mahmoud Taymour =260 ##$$a 2002 $b Yogyakarta =300 ##$$a viii, 148 hlm, 20 cm =650 ##$$a Fiksi Indonesia =850 ##$$a NBPNMAT